=LDR 00000nam 2200000 4500 =001 NUTBA000000000005090 =005 20200212112201 =035 ##$$a 0010-101400000000320 =008 200212###########################0###### =020 ##$$a 978-602-8661-23-2 =082 ##$$a 158.24 =100 ##$$a AGUS AUTIYONO =245 1#$$a Dahsyanya Hypnoparenting =260 ##$$a JAKARTA :$b PENEBAR PLUS,$c 2010 =990 ##$$a 0001/BPAP-NTB/20142014 =990 ##$$a 0001/BPAP-NTB/20142014 =990 ##$$a 0001/BPAP-NTB/20142014 =990 ##$$a 0001/BPAP-NTB/20142014